Fyzika I pro základní školy : učebnice pro základní školy a nižší ročníky gymnázií /

Hlavní autor: Lustigová, Zdena
Jazyk: Čeština
Vydáno: Praha : Fortuna, 1994
Vydání: 1. vyd.
Témata:
Fyzický popis: 87 s.
Knihy
Uloženo v:
LEADER 00919nam a22002412a 4500
001 000097564
003 CZ BrMZK
005 19950407143423.0
008 960707s1994 xr f cze d
040 |a BOA001  |b cze 
080 |a 372.853(075.2):373.33/.34  |2 MRF 
080 |a 372.853(075.3):373.54  |2 MRF 
100 1 |a Lustigová, Zdena  |7 js20061022001 
245 1 0 |a Fyzika I pro základní školy :  |b učebnice pro základní školy a nižší ročníky gymnázií /  |c Zdena Lustigová 
250 |a 1. vyd. 
260 |a Praha :  |b Fortuna,  |c 1994 
300 |a 87 s. 
910 |a BOA001  |b PK-N-0031.461 
964 |a Fyzika - učebnice - školy základní 
964 |a Fyzika - učebnice - gymnázia 
990 |a BK 
996 7 |b 3119959799  |c PK-N-0031.461  |l MZK  |r Sklad / do 1 hodiny  |n 5  |w 000097564  |u 000020  |a 1  |e BOA001  |j MZK50  |s A 
996 7 |b 3119968276  |c PK-N-0031.461  |l MZK  |r Sklad / do 1 hodiny  |n 4  |w 000097564  |u 000010  |a 1  |e BOA001  |j MZK50  |s A